Регионална библиотека "Любен Каравелов" - Русе

Най-страхотното шоу в космоса (Запис номер 13445)

MARC детайли
000 -Лидер
Контролно поле с фиксирана дължина 01342nam a2200337 c 4500
003 - Код на организацията, давaща контролен номер
Контролно поле BLK
005 - Дата и час на последна редакция
Контролно поле 20180816131103.0
008 - Елементи от данни с фиксирана дължина
fixed length control field 180412b bul|||||r ||||||| ||bul||
010 ## - Наследен системен номер
LC control number KNG00015088000
040 ## - Източник на каталожния запис
Идентификатор на билиотеката - собственик на записа BLK
041 ## - Код за език
Код за езика на текст/звукозапис или на отделно заглавие Български
Код за езика КДБФ Български
080 ## - УДК
Текстов определител УДК Американска литература (на САЩ)
УДК код - определител по УДК 821.111(73)
УДК определител -312.9
УДК - код + определител 821.111(73)-312.9
100 1# - Редна дума - Автор
Автор Ранкин, Робърт
Авторска отговорност първи автор
R(LIN) 258352
139 ## - Редно поле
Редна дума Ранкин, Робърт
Авторски знак Ранк - Р 36
245 10 - Сведения за заглавието
Заглавие Най-страхотното шоу в космоса
Подзаглавни данни Роман
Редно поле (дума) Робърт Ранкин; прев. от англ. Павел Талев; прев. от англ. Мария Акрабова.
257 ## - Страна на издаване
Страна на създаване/издаване Съединени американски щати
260 ## - Област на издателските данни
-- София
Име на издателя, разпространителя и проч. Бард
Година на издаване 1996
300 ## - Физическа характеристика
Страници 288 с.
Размери/Мащаб 20 см
380 ## - Жанр
Жанр Худож. лит.
490 1# - СЕРИИ (Колекции)
Име на серия Библиотека Фентъзи клуб
№: серия № 17
500 ## - Общи забележки
Забележка Ориг. загл. The Createst Show Off Earth / Robert Rankin. - 7 000 тир.
653 ## - Ключова дума – ненормативна
Ключова дума фентъзи
653 ## - Ключова дума – ненормативна
Ключова дума романи
700 1# - Други автори (авторска отговорност)
Лично име Талев, Павел
Автороска отговорност (Описва отношението между автора и произведението) прев. от англ.
9 (RLIN) 364722
700 1# - Други автори (авторска отговорност)
Лично име Акрабова, Мария
Автороска отговорност (Описва отношението между автора и произведението) прев. от англ.
9 (RLIN) 29877
852 ## - Местоположение
Форматна сигнатура Цб 189783
856 4# - Електронен адрес и достъп
Електронен формат pdf - файл
Път до файла /url/
856 4# - Електронен адрес и достъп
Електронен формат pdf - файл
Път до файла /url/
942 ## - АРТИКУЛИ
Вид на библиотечния материал Книги
Скрит в OPAC Не
Koha issues (borrowed), all copies 1
944 ## - СЪЗДАВАНЕ И РЕДАКЦИЯ на ЗАПИСА
Създаване/Редакция Създаване
Дата на регистрацията/редакция 15.01.2003
Статус, дата на статуса ф /
Служител, извършил регистрацията/редакцията AB_DOS
944 ## - СЪЗДАВАНЕ И РЕДАКЦИЯ на ЗАПИСА
Създаване/Редакция Редакция
Дата на регистрацията/редакция 05.12.2016
Статус, дата на статуса ф /
Служител, извършил регистрацията/редакцията Людмила_Стоянова
999 ## - СИСТЕМНИ КОНТРОЛНИ НОМЕРА
Koha biblionumber 13445
Koha biblioitemnumber 13445
Наличности
Код за отписване Код за изгубен артикул Източник на класификационната схема Код за повреда Коз за рестрикции Код за отдаване Артикулен № Име на библиотеката - собственик Име на библиотеката, в която се намира в момента Статус (Текущо местоположение) Дата на вписване в системата Местоположение - отдел Цена в лева Инвентарен номер Систематично азбучна сигнатура Баркод Номер на екземпляра Цена в евро Служебна бележка Служебен тип на артикула
Изтеглен Не е изгубен Universal Decimal Classification Не е повреден без рестрикции заемане за дома 23102 Регионална библиотека "Любен Каравелов" Русе Регионална библиотека "Любен Каравелов" Русе Заемна - подръчен фонд 2001-01-01 Заемна - подръчен фонд 1.68 625405 П 820(73)-31/Р 36 625405 1 0.86 Дост: Pk Вид: Ф N: стар фонд Дата: 01.01.1996 Книги
  Не е изгубен Universal Decimal Classification Не е повреден без рестрикции ползва се в читалня 23103 Регионална библиотека "Любен Каравелов" Русе Регионална библиотека "Любен Каравелов" Русе Хранилище 2001-01-01 Основен фонд - ползва се само за читалня 1.68 625406 Цб 189783 120000625406 2 0.86 Дост: Pk Вид: Ф N: стар фонд Дата: 01.01.1996 Книги
  Не е изгубен   Не е повреден без рестрикции заемане за дома 23104 Регионална библиотека "Любен Каравелов" Русе Регионална библиотека "Любен Каравелов" Русе Заемна - подръчен фонд 2016-08-24 Заемна - подръчен фонд 12.00 120000803324 П 820(73)-31/Р 36 120000803324 3 6.14 Дост: DA Вид: А N: 32 Дата: 24.08.2016 Книги
Vip Innovations Ltd, Rousse, Bulgaria 2025